Too much and never enough : how my family created ... Read More
Available copies
- 1 of 1 copy available at LARL/NWRL Consortium.
Current holds
0 current holds with 1 total copy.
View other formats and editions
Show Only Available Copies
| Location | Call Number / Copy Notes | Barcode | Shelving Location | Status | Due Date |
|---|---|---|---|---|---|
| Roseau Public Library | BOOK-ON-CD 921 TRU (Text) | 35500006342263 | Main | Available | - |
Record details
- ISBN: 9781797113876
- ISBN: 1797113879
- ISBN: 9781797113883
- ISBN: 1797113887
- Physical Description: 6 audio discs (7 hr.) : CD audio, digital ; 4 3/4 ... Read More
- Edition: Unabridged.
- Publisher: New York, NY : Simon & Schuster Audio, [2020]
Content descriptions
| General Note: | Title from container. Compact discs. |
| Participant or Performer Note: | Read by the author. |
| Summary, etc.: | In this revelatory, authoritative portrait of ... Read More |
Search for related items by subject
| Subject: | Trump, Donald, 1946- > Family. Presidents > United States > Biography. Trump family. Trump, Mary L. > Family. |
| Genre: | Biographies. |
| Topic Heading: | Audiobooks, Unabridged. |
| LDR | 01982cim a2200505Ii 4500 | ||
|---|---|---|---|
| 001 | 350182 | ||
| 003 | LARL_NWRL_CONSORTIUM | ||
| 005 | 20200820135359.0 | ||
| 007 | sd fsngnnmmned | ||
| 008 | 200708s2020 nyunnnn b n eng d | ||
| 020 | . | ‡a9781797113876 | |
| 020 | . | ‡a1797113879 | |
| 020 | . | ‡a9781797113883 | |
| 020 | . | ‡a1797113887 | |
| 024 | 3 | . | ‡a9781797113876 |
| 035 | . | ‡a(OCoLC)1163974279 | |
| 037 | . | ‡bMidwest Tape ‡nhttp://www.midwesttapes.com | |
| 037 | . | ‡a30dwhj ‡bBlackstone Publishing | |
| 037 | . | ‡a10dwhj ‡bBlackstone Publishing | |
| 040 | . | ‡aTEFMT ‡beng ‡erda ‡cTEFMT ‡dOCLCO ‡dTEF ‡dBLACP ‡dWAU ‡dKAA ‡dGZD | |
| 043 | . | ‡an-us--- | |
| 082 | 0 | 4. | ‡a973.933092 ‡aB ‡223 |
| 100 | 1 | . | ‡aTrump, Mary L., ‡eauthor, ‡enarrator. |
| 245 | 1 | 0. | ‡aToo much and never enough : ‡bhow my family created the world's most dangerous man / ‡cMary L. Trump, Ph.D. |
| 250 | . | ‡aUnabridged. | |
| 264 | 1. | ‡aNew York, NY : ‡bSimon & Schuster Audio, ‡c[2020] | |
| 300 | . | ‡a6 audio discs (7 hr.) : ‡bCD audio, digital ; ‡c4 3/4 in. | |
| 336 | . | ‡aspoken word ‡bspw ‡2rdacontent | |
| 337 | . | ‡aaudio ‡bs ‡2rdamedia | |
| 338 | . | ‡aaudio disc ‡bsd ‡2rdacarrier | |
| 344 | . | ‡adigital ‡2rdatr | |
| 344 | . | ‡boptical ‡2rdarm | |
| 347 | . | ‡aaudio file ‡2rdaft | |
| 347 | . | ‡bCD audio | |
| 500 | . | ‡aTitle from container. | |
| 511 | 0 | . | ‡aRead by the author. |
| 500 | . | ‡aCompact discs. | |
| 520 | . | ‡aIn this revelatory, authoritative portrait of Donald J. Trump and the toxic family that made him, Mary L. Trump, a trained clinical psychologist and Donald's only niece, shines a bright light on the dark history of their family in order to explain how her uncle became the man who now threatens the world's health, economic security, and social fabric. | |
| 600 | 1 | 0. | ‡aTrump, Donald, ‡d1946- ‡xFamily. |
| 650 | 0. | ‡aPresidents ‡zUnited States ‡vBiography. ‡0(LARL_NWRL_CONSORTIUM)28763 | |
| 600 | 3 | 0. | ‡aTrump family. |
| 600 | 1 | 0. | ‡aTrump, Mary L. ‡xFamily. |
| 655 | 7. | ‡aBiographies. ‡2lcgft | |
| 690 | . | ‡aAudiobooks, Unabridged. | |
| 901 | . | ‡a350182 ‡b ‡c350182 ‡tbiblio | |

Add to basket
Permalink
Disable Highlighting